| 000 | 00483nam a22001817a 4500 | ||
|---|---|---|---|
| 003 | CEME | ||
| 005 | 20210628203719.0 | ||
| 008 | 210308b xxu||||| |||| 00| 0 eng d | ||
| 020 | _a0-471-85958-3 | ||
| 040 | _c. | ||
| 082 | _a658.562 SIH'M | ||
| 100 |
_aWillborn, W. W. O , Sinha, M. N _966979 |
||
| 245 | _aThe management of quality assurance | ||
| 260 |
_aNEWYORK _bJOHN WILEY _c1985 |
||
| 300 | _a666P | ||
| 650 |
_aMANAGEMENT OF QUALITY ASSURANCE _966980 |
||
| 942 |
_cBK _2ddc |
||
| 999 |
_c574838 _d574838 |
||